Science in India (Record no. 18508)
[ view plain ]
| 000 -LEADER | |
|---|---|
| fixed length control field | 00674nam a2200193Ia 4500 |
| 003 - CONTROL NUMBER IDENTIFIER | |
| control field | IN-BaIIA |
| 008 - FIXED-LENGTH DATA ELEMENTS--GENERAL INFORMATION | |
| fixed length control field | 211028s9999 xx 000 0 eng d |
| 040 ## - CATALOGING SOURCE | |
| Transcribing agency | IIA Library |
| 080 ## - UNIVERSAL DECIMAL CLASSIFICATION NUMBER | |
| Universal Decimal Classification number | 5(540) |
| Item number | SCI |
| 245 #0 - TITLE STATEMENT | |
| Title | Science in India |
| Remainder of title | achievements and aspirations, 75 years of the academy |
| Statement of responsibility, etc. | edited by H. Y. Mohan Ram and P. N. Tandon |
| 260 ## - PUBLICATION, DISTRIBUTION, ETC. | |
| Place of publication, distribution, etc. | New Delhi |
| Name of publisher, distributor, etc. | Indian National Science Academy |
| Date of publication, distribution, etc. | 2010 |
| 300 ## - PHYSICAL DESCRIPTION | |
| Extent | viii, 632p. |
| 650 ## - SUBJECT ADDED ENTRY--TOPICAL TERM | |
| Topical term or geographic name entry element | 75 years of the Indian National Science Academy |
| 9 (RLIN) | 35556 |
| 650 ## - SUBJECT ADDED ENTRY--TOPICAL TERM | |
| Topical term or geographic name entry element | Science-Achievements-India |
| 9 (RLIN) | 35557 |
| 650 ## - SUBJECT ADDED ENTRY--TOPICAL TERM | |
| Topical term or geographic name entry element | Science-India |
| 9 (RLIN) | 21159 |
| 700 ## - ADDED ENTRY--PERSONAL NAME | |
| Personal name | Mohan Ram, H. Y., ed. |
| 9 (RLIN) | 35558 |
| 700 ## - ADDED ENTRY--PERSONAL NAME | |
| Personal name | Tandon, P. N., ed. |
| 9 (RLIN) | 35559 |
| 942 ## - ADDED ENTRY ELEMENTS (KOHA) | |
| Koha item type | Books |
| Withdrawn status | Lost status | Damaged status | Not for loan | Home library | Current library | Shelving location | Date acquired | Source of acquisition | Cost, normal purchase price | Total Checkouts | Full call number | Barcode | Date last seen | Cost, replacement price | Price effective from | Koha item type | Purchase Price |
|---|---|---|---|---|---|---|---|---|---|---|---|---|---|---|---|---|---|
| IIA Library-Bangalore | IIA Library-Bangalore | General Stacks | 30/01/2013 | INSA | 3000.00 | 5(540)/ SCI | 19430 | 05/11/2021 | 3000.00 | 30/01/2013 | Books | Rs. 3000.00 |